| 000 | 00346nam a2200145Ia 4500 | ||
|---|---|---|---|
| 005 | 20251222141854.0 | ||
| 008 | 251222s9999||||xx |||||||||||||| ||spa|| | ||
| 020 | _a84-01-44050-5 | ||
| 082 | _a237.9/C95 | ||
| 100 | _aCuénot, Claude | ||
| 245 | 0 | _aCiencia y Fe en Teilhard de Chardin | |
| 250 | _a5a. | ||
| 264 | _bPlaza & Janés | ||
| 942 | _cLIB | ||
| 999 |
_c7817 _d7817 |
||